[Event "2023 Perth Chess Club Championship"]
[Site "Woodvale, Perth WA AUS"]
[Date "2023.05.03"]
[Round "4"]
[White "Lakner, Jay"]
[Black "Maris, Rob"]
[Result "1-0"]
[WhiteElo "2047"]
[BlackElo "2050"]
[PlyCount "93"]
[EventDate "2023.04.12"]
[EventType "swiss"]
[EventRounds "7"]
[EventCountry "AUS"]
[TimeControl "3600+30"]

1. c4 e5 2. Nc3 Nf6 3. Nf3 Nc6 4. g3 g6 5. d4 exd4 6. Nxd4 Bg7 7. Nxc6 dxc6 8.
Qxd8+ Kxd8 9. Bf4 Be6 10. O-O-O+ Kc8 11. e4 Ng4 12. Rd2 Rd8 13. Bh3 Rxd2 14.
Kxd2 Kd7 15. f3 Ne5 16. Bxe5 Bxe5 17. Bxe6+ Kxe6 18. f4 Rd8+ 19. Kc2 Bg7 20.
Rd1 Rd6 21. e5 Rxd1 22. Nxd1 g5 23. Ne3 gxf4 24. gxf4 f6 25. exf6 Bxf6 26. b3
a5 27. Kd3 h5 28. Ke4 Be7 29. Nf5 Bf8 30. h3 Kf6 31. Ng3 Kg6 32. Ne2 Kf6 33.
Nd4 Bb4 34. Nf3 Bc3 35. Ne5 Bb4 36. Nd3 Ba3 37. Ne1 b5 38. Nc2 Bb2 39. Nd4 bxc4
40. bxc4 c5 41. Nb3 a4 42. Nxc5 a3 43. Na6 c6 44. Nb8 Ke6 45. Nxc6 Kd6 46. Ne5
Bc3 47. Nd3 1-0

[Event "2023 Perth Chess Club Championship"]
[Site "Woodvale, Perth WA AUS"]
[Date "2023.05.03"]
[Round "4"]
[White "Barry, David"]
[Black "De Yaak, Peter"]
[Result "1/2-1/2"]
[WhiteElo "1897"]
[BlackElo "1892"]
[PlyCount "109"]
[EventDate "2023.04.12"]
[EventType "swiss"]
[EventRounds "7"]
[EventCountry "AUS"]
[TimeControl "3600+30"]

1. e4 c5 2. Nf3 Nc6 3. d4 cxd4 4. Nxd4 d6 5. Nc3 Nf6 6. Be3 g6 7. f3 Bg7 8. Qd2
Bd7 9. O-O-O Rc8 10. Kb1 Nxd4 11. Bxd4 Qa5 12. g4 O-O 13. h4 Be6 14. Nd5 Qxd2
15. Nxe7+ Kh8 16. Rxd2 Rc7 17. Bxf6 Bxf6 18. Nd5 Bxd5 19. Rxd5 Be5 20. Bd3 Rfc8
21. Rf1 Bf4 22. g5 Rf8 23. h5 f6 24. gxf6 Rxf6 25. hxg6 hxg6 26. Rh1+ Rh7 27.
Rxh7+ Kxh7 28. Bf1 Be5 29. Rd3 g5 30. Bh3 Kg7 31. a4 b6 32. Bg4 Kf7 33. Rb3 Bd4
34. Rb5 Be3 35. a5 bxa5 36. Rb7+ Kf8 37. Rb5 Ke7 38. Rxa5 Kd8 39. Rd5 Kc7 40.
c3 Rh6 41. Ka2 Rh2 42. Ka3 Kc6 43. b4 Bc1+ 44. Kb3 Rb2+ 45. Kc4 Bf4 46. Ra5 Kb6
47. Rb5+ Kc7 48. Rf5 Rc2 49. Kb3 Rc1 50. c4 Rb1+ 51. Ka4 Ra1+ 52. Kb3 Rb1+ 53.
Ka3 Bc1+ 54. Ka4 Bd2 55. Rf7+ 1/2-1/2

[Event "2023 Perth Chess Club Championship"]
[Site "Woodvale, Perth WA AUS"]
[Date "2023.05.03"]
[Round "4"]
[White "Wolstencroft, Alan"]
[Black "Laubbacher, Jamie"]
[Result "0-1"]
[WhiteElo "1849"]
[BlackElo "1904"]
[PlyCount "86"]
[EventDate "2023.04.12"]
[EventType "swiss"]
[EventRounds "7"]
[EventCountry "AUS"]
[TimeControl "3600+30"]

1. e4 c5 2. Nf3 e6 3. d4 cxd4 4. Nxd4 Nc6 5. Nc3 Qc7 6. Be3 a6 7. Qd2 Nf6 8. a3
Be7 9. O-O-O b5 10. Nxc6 dxc6 11. f3 O-O 12. Qf2 c5 13. Nb1 Bb7 14. g4 Rfd8 15.
Be2 Nd7 16. h4 c4 17. g5 c3 18. b3 Qa5 19. Rd3 Bxa3+ 20. Nxa3 Qxa3+ 21. Kd1 Nc5
22. Bc1 Nxd3 23. Bxd3 Qb4 24. Ke2 a5 25. h5 a4 26. bxa4 bxa4 27. g6 a3 28. h6
fxg6 29. hxg7 Qd4 30. Be3 Qxg7 31. Qh4 Rd7 32. Bg5 Qf7 33. Bf6 Rf8 34. e5 Ra8
35. Qg4 Ba6 36. Qe4 Bxd3+ 37. cxd3 Rb8 38. Qa4 Rb2+ 39. Ke3 Ra7 40. Qc6 Qd7 41.
Qxc3 Qb7 42. Qc4 Qb6+ 43. d4 Qb3+ 0-1

[Event "2023 Perth Chess Club Championship"]
[Site "Woodvale, Perth WA AUS"]
[Date "2023.05.03"]
[Round "4"]
[White "O'Shaughnessy, Dave"]
[Black "Leonhardt, Wolfgang"]
[Result "1-0"]
[WhiteElo "1986"]
[BlackElo "1778"]
[PlyCount "61"]
[EventDate "2023.04.12"]
[EventType "swiss"]
[EventRounds "7"]
[EventCountry "AUS"]
[TimeControl "3600+30"]

1. b4 d5 2. Bb2 Bf5 3. e3 e6 4. c4 Nf6 5. a3 Be7 6. Nf3 h6 7. Be2 O-O 8. O-O
dxc4 9. Bxc4 Nbd7 10. d4 Nb6 11. Bb3 c6 12. Nc3 Nbd5 13. Qe2 Bd6 14. Rfc1 Qe7
15. b5 Nxc3 16. Rxc3 Ne4 17. Rcc1 cxb5 18. Qxb5 Ng5 19. Bd1 Rfc8 20. a4 Be4 21.
Nxg5 hxg5 22. Rxc8+ Rxc8 23. Rc1 Bc6 24. Qd3 f5 25. Bb3 Rf8 26. d5 Bd7 27. dxe6
Bxe6 28. Bxe6+ Qxe6 29. Qd4 Qf6 30. Qd5+ Qf7 31. Qxd6 1-0

[Event "2023 Perth Chess Club Championship"]
[Site "Woodvale, Perth WA AUS"]
[Date "2023.05.03"]
[Round "4"]
[White "Plaganyi, Gyula"]
[Black "Bhatia, Abhay"]
[Result "1-0"]
[WhiteElo "1935"]
[WhiteTitle "CM"]
[BlackElo "1625"]
[PlyCount "59"]
[EventDate "2023.04.12"]
[EventType "swiss"]
[EventRounds "7"]
[EventCountry "AUS"]
[TimeControl "3600+30"]

1. d4 d5 2. Nc3 Nf6 3. Bg5 e6 4. f3 c5 5. e4 h6 6. Bh4 g5 7. Bf2 dxe4 8. fxe4
Qb6 9. Qf3 Qxb2 10. Rd1 Qxc2 11. Bb5+ Bd7 12. Nge2 Bg7 13. O-O O-O 14. Bd3 Qb2
15. Rb1 Qa3 16. Rxb7 g4 17. Qf4 Bc6 18. Rb3 Qa5 19. Bh4 Nh5 20. Qxg4 cxd4 21.
Nd5 exd5 22. Qxh5 Qxa2 23. Qg4 Nd7 24. Nxd4 Ne5 25. Qg3 f6 26. Nf5 Rf7 27. Bb1
Qd2 28. Bxf6 Kh7 29. Nxg7 Rg8 30. exd5+ 1-0

[Event "2023 Perth Chess Club Championship"]
[Site "Woodvale, Perth WA AUS"]
[Date "2023.05.03"]
[Round "4"]
[White "Oswald, Franz"]
[Black "Stortz, Robert"]
[Result "0-1"]
[WhiteElo "1620"]
[BlackElo "1870"]
[PlyCount "88"]
[EventDate "2023.04.12"]
[EventType "swiss"]
[EventRounds "7"]
[EventCountry "AUS"]
[TimeControl "3600+30"]

1. d4 d5 2. c4 e6 3. Nc3 Nf6 4. Nf3 c6 5. e3 Nbd7 6. Bd3 dxc4 7. Bxc4 b5 8. Bd3
a6 9. e4 c5 10. d5 exd5 11. e5 Ng8 12. O-O Ne7 13. Bg5 Nb6 14. Qc2 h6 15. Bh4
b4 16. Na4 Nxa4 17. Qxa4+ Bd7 18. Qd1 Qc8 19. b3 Nc6 20. Rc1 Be6 21. Bg3 Be7
22. Ne1 O-O 23. f4 Bg4 24. Be2 Bxe2 25. Qxe2 Qf5 26. Nf3 Na7 27. Nh4 Qd7 28. f5
Bg5 29. Rxc5 Rfc8 30. Rxc8+ Rxc8 31. e6 Qe7 32. exf7+ Kxf7 33. Qh5+ Kg8 34. Nf3
Be3+ 35. Kh1 Qf7 36. Qg4 d4 37. f6 Qxf6 38. Nd2 Qg5 39. Qe6+ Kh8 40. Nf3 Qf6
41. Qd7 Qc6 42. Qxc6 Rxc6 43. Rd1 Rc2 44. Nxd4 Bxd4 0-1

[Event "2023 Perth Chess Club Championship"]
[Site "Woodvale, Perth WA AUS"]
[Date "2023.05.03"]
[Round "4"]
[White "Curtis, Calan"]
[Black "Janceski, Alex"]
[Result "0-1"]
[WhiteElo "919"]
[BlackElo "1851"]
[PlyCount "56"]
[EventDate "2023.04.12"]
[EventType "swiss"]
[EventRounds "7"]
[EventCountry "AUS"]
[TimeControl "3600+30"]

1. d4 d5 2. Nc3 Nf6 3. Bf4 c6 4. e3 h6 5. Bd3 e6 6. Nf3 Bd6 7. Ne5 Qc7 8. Qf3
Nbd7 9. Nxd7 Bxd7 10. O-O-O b5 11. Bxd6 Qxd6 12. e4 dxe4 13. Nxe4 Nxe4 14. Bxe4
a5 15. Rhe1 O-O 16. g4 a4 17. g5 hxg5 18. Qh5 Qf4+ 19. Re3 f5 20. Bd3 Be8 21.
Qe2 Bf7 22. h3 a3 23. b3 Qxd4 24. c4 Qa1+ 25. Bb1 bxc4 26. bxc4 Rab8 27. Qc2
Rb2 28. Qd3 Rfb8 0-1

[Event "2023 Perth Chess Club Championship"]
[Site "Woodvale, Perth WA AUS"]
[Date "2023.05.03"]
[Round "4"]
[White "Curthoys, Edward"]
[Black "Garang, Kuol Awan"]
[Result "1/2-1/2"]
[WhiteElo "1826"]
[BlackElo "1619"]
[PlyCount "120"]
[EventDate "2023.04.12"]
[EventType "swiss"]
[EventRounds "7"]
[EventCountry "AUS"]
[TimeControl "3600+30"]

1. e4 e5 2. Nc3 Bc5 3. Bc4 Nf6 4. Nf3 d6 5. d4 exd4 6. Nxd4 a6 7. O-O O-O 8. f3
Nc6 9. Be3 Ne5 10. Bb3 c6 11. Kh1 b5 12. a3 Qb6 13. Qd2 Rd8 14. Rad1 a5 15. Bg5
Bxd4 16. Qxd4 Qxd4 17. Rxd4 c5 18. Rd2 c4 19. Ba2 b4 20. Nd5 Be6 21. Nxf6+ gxf6
22. Bxf6 c3 23. Bxe6 fxe6 24. bxc3 bxc3 25. Rd4 Rf8 26. Bxe5 dxe5 27. Rc4 Rfc8
28. Rxc8+ Rxc8 29. g4 Rc4 30. Kg2 Rd4 31. h4 Rd2+ 32. Rf2 Rd4 33. Rf1 Rd2+ 34.
Rf2 Rd1 35. Rf1 Rd4 36. Kg3 h6 37. Rb1 Kg7 38. Rb3 Rc4 39. a4 Kf6 40. Kf2 Rxa4
41. Rxc3 Ra1 42. Rc7 a4 43. Kg3 a3 44. Ra7 a2 45. Kg2 Kg6 46. c4 Kf6 47. c5 Rc1
48. Rxa2 Rxc5 49. Kg3 Rc3 50. Ra5 Rc1 51. g5+ hxg5 52. hxg5+ Kxg5 53. Rxe5+ Kf6
54. Ra5 Rg1+ 55. Kf2 Rg6 56. f4 Rg4 57. Kf3 Rg1 58. Ra6 Rf1+ 59. Ke3 Re1+ 60.
Kd4 Rd1+ 1/2-1/2

[Event "2023 Perth Chess Club Championship"]
[Site "Woodvale, Perth WA AUS"]
[Date "2023.05.03"]
[Round "4"]
[White "Gough, Dylan"]
[Black "Kerr, Lennon"]
[Result "0-1"]
[WhiteElo "1745"]
[BlackElo "860"]
[PlyCount "68"]
[EventDate "2023.04.12"]
[EventType "swiss"]
[EventRounds "7"]
[EventCountry "AUS"]
[TimeControl "3600+30"]

1. d4 d5 2. Nf3 Nf6 3. e3 e6 4. Bd3 c5 5. c3 Nc6 6. Bd2 Bd6 7. O-O O-O 8. Re1
b6 9. b3 Bb7 10. Qc2 Rc8 11. dxc5 bxc5 12. c4 e5 13. cxd5 Nb4 14. Qc4 Nxd3 15.
Qxd3 e4 16. Qb5 Bxd5 17. Ba5 Qe7 18. Nfd2 Bxh2+ 19. Kxh2 Ng4+ 20. Kg1 Qh4 21.
Nf1 Qxf2+ 22. Kh1 Rc6 23. Qxc6 Bxc6 24. Nc3 Re8 25. Nh2 Nxe3 26. Re2 Qg3 27.
Bc7 Qxc7 28. Rxe3 f5 29. g3 Qb6 30. Rae1 Rd8 31. Nf1 Bb5 32. Kg2 Rd3 33. Kf2 c4
34. Rb1 Rxc3 0-1

[Event "2023 Perth Chess Club Championship"]
[Site "Woodvale, Perth WA AUS"]
[Date "2023.05.03"]
[Round "4"]
[White "Doshi, Chirag"]
[Black "Saxon, Marc"]
[Result "0-1"]
[WhiteElo "1861"]
[BlackElo "2014"]
[PlyCount "66"]
[EventDate "2023.04.12"]
[EventType "swiss"]
[EventRounds "7"]
[EventCountry "AUS"]
[TimeControl "3600+30"]

1. e4 e5 2. f4 exf4 3. Nf3 d6 4. d4 Nf6 5. Bd3 Be7 6. Bxf4 O-O 7. O-O Re8 8.
Nbd2 Nbd7 9. c3 Nf8 10. Bc4 Be6 11. b3 d5 12. exd5 Bxd5 13. Bg3 c5 14. Bf2 Ne6
15. Bb5 Bc6 16. Bxc6 bxc6 17. Ne5 cxd4 18. Nxc6 Qc7 19. Nxe7+ Rxe7 20. Bxd4
Nxd4 21. cxd4 Rae8 22. Nf3 Ng4 23. Qc1 Qd6 24. Qc5 Qa6 25. h3 Nf6 26. Ne5 Qe6
27. Qc4 Qd5 28. Rac1 h6 29. Ng4 Qg5 30. Nxf6+ gxf6 31. Rf3 Re2 32. g4 Qd2 33.
Rxf6 Qe3+ 0-1

[Event "2023 Perth Chess Club Championship"]
[Site "Woodvale, Perth WA AUS"]
[Date "2023.05.03"]
[Round "4"]
[White "Browning, Thomas"]
[Black "Powell, Darren"]
[Result "1-0"]
[WhiteElo "1601"]
[BlackElo "1355"]
[PlyCount "75"]
[EventDate "2023.04.12"]
[EventType "swiss"]
[EventRounds "7"]
[EventCountry "AUS"]
[TimeControl "3600+30"]

1. d4 g6 2. c4 Bg7 3. e4 e6 4. Nf3 h6 5. Nc3 c6 6. h4 Qa5 7. Bd2 Qb6 8. Na4 Qc7
9. g3 d6 10. Bh3 b6 11. Rc1 Bb7 12. b3 Nd7 13. d5 O-O-O 14. dxc6 Bxc6 15. Qe2
Qb7 16. Bg2 Bxe4 17. Bc3 e5 18. O-O g5 19. h5 Ngf6 20. Rfd1 Bf8 21. Ne1 g4 22.
Bb4 Bxg2 23. Nxg2 Nb8 24. Ne3 Nc6 25. Bc3 Rg8 26. Nd5 Nd7 27. b4 Kb8 28. c5 b5
29. Nb2 f5 30. Nd3 Rg5 31. a4 Ne7 32. Nxe7 Rxh5 33. c6 Qa8 34. axb5 Bxe7 35.
Nxe5 Nf6 36. Nf7 Rd7 37. Bxf6 Rc7 38. Bxe7 1-0

[Event "2023 Perth Chess Club Championship"]
[Site "Woodvale, Perth WA AUS"]
[Date "2023.05.03"]
[Round "4"]
[White "Michael, Ashley"]
[Black "Brooke, John"]
[Result "0-1"]
[WhiteElo "1540"]
[BlackElo "1301"]
[PlyCount "32"]
[EventDate "2023.04.12"]
[EventType "swiss"]
[EventRounds "7"]
[EventCountry "AUS"]
[TimeControl "3600+30"]

1. e4 c5 2. Nf3 Nc6 3. b4 cxb4 4. d4 d5 5. exd5 Qxd5 6. c4 Qa5 7. Bd2 Bg4 8. a3
e6 9. d5 exd5 10. cxd5 Qxd5 11. axb4 Bxb4 12. Qe2+ Nge7 13. Bxb4 Nxb4 14. Nc3
Qh5 15. Qe4 Nbc6 16. Nd5 Qxd5 0-1

[Event "2023 Perth Chess Club Championship"]
[Site "Woodvale, Perth WA AUS"]
[Date "2023.05.03"]
[Round "4"]
[White "Massam, Justin"]
[Black "Ross, Leo"]
[Result "0-1"]
[WhiteElo "1507"]
[BlackElo "1233"]
[PlyCount "54"]
[EventDate "2023.04.12"]
[EventType "swiss"]
[EventRounds "7"]
[EventCountry "AUS"]
[TimeControl "3600+30"]

1. d4 Nf6 2. Nf3 g6 3. Bf4 Bg7 4. e3 O-O 5. Nbd2 c5 6. c3 cxd4 7. cxd4 Qb6 8.
b3 d6 9. Bd3 Nd5 10. Bg3 Bg4 11. O-O Nd7 12. Rc1 Rac8 13. Be4 Nc3 14. Nc4 Rxc4
15. Qd3 Nxe4 16. Rxc4 Bxf3 17. gxf3 Nxg3 18. fxg3 e5 19. Rfc1 exd4 20. exd4 Ne5
21. Qe4 Nxc4 22. Rxc4 d5 23. Qxd5 Rd8 24. Qe4 Rxd4 25. Qe8+ Bf8 26. Rc8 Rd8+
27. Kg2 Rxe8 0-1

[Event "2023 Perth Chess Club Championship"]
[Site "Woodvale, Perth WA AUS"]
[Date "2023.05.03"]
[Round "4"]
[White "Kerr, Carter"]
[Black "Leech, Martin"]
[Result "0-1"]
[WhiteElo "1257"]
[BlackElo "1424"]
[PlyCount "74"]
[EventDate "2023.04.12"]
[EventType "swiss"]
[EventRounds "7"]
[EventCountry "AUS"]
[TimeControl "3600+30"]

1. e4 e6 2. Nf3 d5 3. Nc3 Nf6 4. e5 Nfd7 5. d4 c5 6. Be3 Nc6 7. Nb5 cxd4 8. Bg5
Qa5+ 9. Bd2 Qb6 10. Bf4 a6 11. Nbxd4 Bc5 12. c3 Qxb2 13. Qc1 Qb6 14. Rb1 Qc7
15. Bd3 Ncxe5 16. Nxe5 Nxe5 17. Qe3 Nxd3+ 18. Qxd3 Qxf4 19. O-O O-O 20. Nb3 Bd6
21. g3 Qf6 22. Rfe1 h5 23. c4 Rd8 24. c5 Bc7 25. Rbc1 Bd7 26. Qe2 h4 27. Red1
hxg3 28. fxg3 Bc6 29. Rf1 Qg6 30. Rf2 Bb5 31. Qf3 Rd7 32. Nd4 Bc4 33. Qc3 Be5
34. Qe3 Bxd4 35. Qxd4 Rc7 36. Rd2 Rac8 37. Rb1 Qxb1+ 0-1

[Event "2023 Perth Chess Club Championship"]
[Site "Woodvale, Perth WA AUS"]
[Date "2023.05.03"]
[Round "4"]
[White "Hounsome, David"]
[Black "Markou, Victor"]
[Result "1-0"]
[WhiteElo "1393"]
[BlackElo "1070"]
[PlyCount "89"]
[EventDate "2023.04.12"]
[EventType "swiss"]
[EventRounds "7"]
[EventCountry "AUS"]
[TimeControl "3600+30"]

1. d4 d5 2. Nf3 Nf6 3. Nbd2 g6 4. b3 Bg7 5. Bb2 O-O 6. e3 Nbd7 7. Be2 b6 8. O-O
Bb7 9. Rc1 e6 10. c4 Rc8 11. b4 c5 12. Ba3 Re8 13. Nb3 a6 14. bxc5 bxc5 15.
Nxc5 Nxc5 16. Bxc5 Ne4 17. Ba3 dxc4 18. Rxc4 Bd5 19. Rxc8 Qxc8 20. Bd3 Nc3 21.
Qc2 Nb5 22. Qxc8 Rxc8 23. Bxb5 axb5 24. Rb1 Rb8 25. Rb2 f6 26. Bc5 Bxf3 27.
gxf3 Bf8 28. a3 Bg7 29. a4 e5 30. axb5 Kf7 31. d5 Ke8 32. b6 Kd7 33. b7 f5 34.
Ba7 Kc7 35. Bxb8+ Kxb8 36. d6 e4 37. Rb5 Bf8 38. d7 Be7 39. fxe4 Bd8 40. exf5
g5 41. e4 Bc7 42. f6 Bd8 43. f7 Be7 44. f8=Q+ Bxf8 45. d8=Q+ 1-0

[Event "2023 Perth Chess Club Championship"]
[Site "Woodvale, Perth WA AUS"]
[Date "2023.05.03"]
[Round "4"]
[White "Lanham, Bruce"]
[Black "Bordas, Lindsay"]
[Result "1-0"]
[WhiteElo "1181"]
[BlackElo "1056"]
[PlyCount "81"]
[EventDate "2023.04.12"]
[EventType "swiss"]
[EventRounds "7"]
[EventCountry "AUS"]
[TimeControl "3600+30"]

1. d4 e6 2. Nf3 d5 3. g3 c5 4. Bg2 cxd4 5. O-O Nc6 6. Nxd4 Nxd4 7. Qxd4 Qf6 8.
Qxf6 Nxf6 9. Nd2 Bd6 10. c4 O-O 11. b3 Rb8 12. Bb2 Be7 13. cxd5 exd5 14. Rac1
Bf5 15. Nf3 Be4 16. Rfd1 Rfd8 17. e3 Rbc8 18. Nd4 Bxg2 19. Kxg2 Rxc1 20. Rxc1
h6 21. Rc7 Rd7 22. Rxd7 Nxd7 23. Nf5 Bf6 24. Bxf6 Nxf6 25. h3 Kh7 26. Nd6 Ne4
27. Nxb7 Nc3 28. a4 g5 29. Nc5 f5 30. Kf1 f4 31. gxf4 gxf4 32. exf4 Kg6 33. Nd3
Kf5 34. Ke1 Ke4 35. Kd2 d4 36. f3+ Kxf3 37. f5 Nd5 38. b4 Kg3 39. h4 Kxh4 40.
Ne5 Nxb4 41. f6 1-0

[Event "2023 Perth Chess Club Championship"]
[Site "Woodvale, Perth WA AUS"]
[Date "2023.05.10"]
[Round "5"]
[White "Lakner, Jay"]
[Black "Hernandez Mendez, Iker"]
[Result "0-1"]
[WhiteElo "2047"]
[BlackElo "1842"]
[PlyCount "48"]
[EventDate "2023.04.12"]
[EventType "swiss"]
[EventRounds "7"]
[EventCountry "AUS"]
[TimeControl "3600+30"]

1. c4 e5 2. Nc3 Nf6 3. Nf3 e4 4. Ng5 c6 5. Ngxe4 Nxe4 6. Nxe4 d5 7. cxd5 cxd5
8. Ng3 h5 9. e3 h4 10. Ne2 Nc6 11. d4 Qf6 12. h3 Bd6 13. Nc3 Qg6 14. a3 Bf5 15.
Nxd5 O-O-O 16. Nc3 Rhe8 17. b4 Be5 18. Bb2 Nxd4 19. e4 Bxe4 20. Qg4+ Bf5 21.
Qxg6 Nc2+ 22. Ke2 Bxc3+ 23. Kf3 Nd4+ 24. Kf4 Bd2# 0-1

[Event "2023 Perth Chess Club Championship"]
[Site "Woodvale, Perth WA AUS"]
[Date "2023.05.10"]
[Round "5"]
[White "De Yaak, Peter"]
[Black "O'Shaughnessy, Dave"]
[Result "1/2-1/2"]
[WhiteElo "1892"]
[BlackElo "1986"]
[PlyCount "80"]
[EventDate "2023.04.12"]
[EventType "swiss"]
[EventRounds "7"]
[EventCountry "AUS"]
[TimeControl "3600+30"]

1. e4 d5 2. exd5 Qxd5 3. d4 Nf6 4. Nf3 Bg4 5. Be2 e6 6. O-O Be7 7. c4 Qd8 8.
Qb3 b6 9. h3 Bh5 10. Nc3 O-O 11. Bf4 c6 12. Rad1 Bd6 13. Bxd6 Qxd6 14. d5 exd5
15. cxd5 Nbd7 16. dxc6 Qxc6 17. Bb5 Qb7 18. Nd5 Bxf3 19. Qxf3 Nxd5 20. Bxd7
Qxd7 21. Qxd5 Qxd5 22. Rxd5 Rfd8 23. Rfd1 Rxd5 24. Rxd5 g6 25. Rd7 Kg7 26. g4
h6 27. Kg2 Kf6 28. Rb7 g5 29. Kg3 Kg6 30. h4 Kg7 31. f4 Rd8 32. hxg5 hxg5 33.
fxg5 Rd2 34. Rxa7 Rxb2 35. Rb7 Rxa2 36. Rxb6 Ra3+ 37. Kh4 Re3 38. Rb1 Kh7 39.
Rh1 Kg6 40. Rf1 Kg7 1/2-1/2

[Event "2023 Perth Chess Club Championship"]
[Site "Woodvale, Perth WA AUS"]
[Date "2023.05.10"]
[Round "5"]
[White "Clarke, Daniel"]
[Black "Plaganyi, Gyula"]
[Result "0-1"]
[WhiteElo "1880"]
[BlackElo "1935"]
[BlackTitle "CM"]
[PlyCount "154"]
[EventDate "2023.04.12"]
[EventType "swiss"]
[EventRounds "7"]
[EventCountry "AUS"]
[TimeControl "3600+30"]

1. e4 c5 2. Nf3 g6 3. d4 cxd4 4. Nxd4 Nc6 5. Nc3 Bg7 6. Be3 Nf6 7. Bc4 O-O 8.
Bb3 Re8 9. f3 d6 10. Qd2 Na5 11. O-O-O Nxb3+ 12. cxb3 Bd7 13. Kb1 a5 14. Bh6 a4
15. h4 Qa5 16. g4 Bh8 17. h5 e5 18. b4 Qb6 19. Nc2 Re6 20. Ne3 Qxb4 21. hxg6
fxg6 22. Ned5 Nxd5 23. exd5 Re7 24. Qg5 Rf7 25. a3 Qb6 26. Rd3 Bf6 27. Qd2 Bb5
28. Re3 Rc8 29. Re4 Qa6 30. Nxb5 Qxb5 31. Rb4 Qa6 32. Rc1 Rfc7 33. Rxc7 Rxc7
34. Be3 Qf1+ 35. Ka2 Qxf3 36. Rxa4 Bg7 37. Bb6 Rc8 38. Ba5 Rc5 39. Bc3 Qxd5+
40. Qxd5+ Rxd5 41. Ra8+ Bf8 42. Rb8 Rb5 43. a4 Rb6 44. Bd2 Kf7 45. Be3 Rb4 46.
Ka3 Rxg4 47. Rxb7+ Ke6 48. Bb6 d5+ 49. Kb3 Rb4+ 50. Kc3 Rxa4 51. Rxh7 Rc4+ 52.
Kd3 e4+ 53. Ke3 Bc5+ 54. Bxc5 Rxc5 55. Rg7 Kf6 56. Rb7 Kf5 57. Kd4 Rc1 58. Kxd5
Rd1+ 59. Kc4 e3 60. Re7 Kf4 61. b4 g5 62. b5 g4 63. b6 g3 64. Rf7+ Ke4 65. b7
Rb1 66. Re7+ Kf3 67. Rf7+ Ke2 68. Rg7 Kd2 69. Rxg3 Rxb7 70. Rg8 Rd7 71. Ra8 e2
72. Ra2+ Ke1 73. Ra8 Kd2 74. Ra2+ Ke3 75. Ra3+ Kf2 76. Ra2 Kf1 77. Rxe2 Kxe2
0-1

[Event "2023 Perth Chess Club Championship"]
[Site "Woodvale, Perth WA AUS"]
[Date "2023.05.10"]
[Round "5"]
[White "Laubbacher, Jamie"]
[Black "Kerr, Lennon"]
[Result "1-0"]
[WhiteElo "1904"]
[BlackElo "860"]
[PlyCount "63"]
[EventDate "2023.04.12"]
[EventType "swiss"]
[EventRounds "7"]
[EventCountry "AUS"]
[TimeControl "3600+30"]

1. d4 d5 2. c4 Nc6 3. Nf3 e6 4. Nc3 Nf6 5. Bg5 Be7 6. e3 O-O 7. Rc1 Re8 8. h3
Ne4 9. Nxe4 dxe4 10. Bxe7 Qxe7 11. Nd2 f5 12. Be2 Bd7 13. O-O Qf6 14. a3 e5 15.
d5 Ne7 16. Qb3 Qb6 17. Qa2 c5 18. b4 Kh8 19. Rb1 Rab8 20. Qb2 Ng6 21. bxc5 Qxc5
22. Qb4 Qc7 23. c5 Qd8 24. Qc3 Qf6 25. Rfc1 Ne7 26. Qb3 Qf8 27. a4 h6 28. Bb5
Bxb5 29. axb5 Red8 30. d6 Ng6 31. Qe6 Kh7 32. Ra1 1-0

[Event "2023 Perth Chess Club Championship"]
[Site "Woodvale, Perth WA AUS"]
[Date "2023.05.10"]
[Round "5"]
[White "Maris, Rob"]
[Black "Wolstencroft, Alan"]
[Result "1/2-1/2"]
[WhiteElo "2050"]
[BlackElo "1849"]
[PlyCount "42"]
[EventDate "2023.04.12"]
[EventType "swiss"]
[EventRounds "7"]
[EventCountry "AUS"]
[TimeControl "3600+30"]

1. c4 e5 2. Nc3 Nc6 3. g3 g6 4. Bg2 Bg7 5. Rb1 a5 6. d3 d6 7. e3 Nf6 8. Nge2
O-O 9. O-O Be6 10. Nd5 Qd7 11. Nec3 Nd8 12. Nxf6+ Bxf6 13. b4 axb4 14. Rxb4 c6
15. Ra4 Rxa4 16. Qxa4 Bh3 17. Ba3 Bxg2 18. Kxg2 Be7 19. f4 f5 20. Qb3 Kg7 21.
Bb2 Bf6 1/2-1/2

[Event "2023 Perth Chess Club Championship"]
[Site "Woodvale, Perth WA AUS"]
[Date "2023.05.10"]
[Round "5"]
[White "Janceski, Alex"]
[Black "Barry, David"]
[Result "1/2-1/2"]
[WhiteElo "1851"]
[BlackElo "1897"]
[PlyCount "62"]
[EventDate "2023.04.12"]
[EventType "swiss"]
[EventRounds "7"]
[EventCountry "AUS"]
[TimeControl "3600+30"]

1. e4 c5 2. Nf3 d6 3. d4 cxd4 4. Nxd4 Nf6 5. Nc3 a6 6. Bd3 e5 7. Nf3 Be7 8. Be3
O-O 9. a4 Ng4 10. Nd5 Nxe3 11. Nxe3 Qc7 12. Qd2 Be6 13. O-O Nd7 14. b4 Nf6 15.
h3 Rfd8 16. c4 h6 17. Rfc1 a5 18. Nd5 Bxd5 19. cxd5 Qb6 20. bxa5 Qxa5 21. Qe2
Rdc8 22. Bb5 Rc7 23. Rc4 Rac8 24. Rac1 Rxc4 25. Rxc4 Rxc4 26. Qxc4 Bd8 27. Kf1
Qc7 28. Qxc7 Bxc7 29. Bd3 Kf8 30. Ke2 Ke7 31. Nd2 Nd7 1/2-1/2

[Event "2023 Perth Chess Club Championship"]
[Site "Woodvale, Perth WA AUS"]
[Date "2023.05.10"]
[Round "5"]
[White "Saxon, Marc"]
[Black "Curthoys, Edward"]
[Result "1-0"]
[WhiteElo "2014"]
[BlackElo "1826"]
[PlyCount "59"]
[EventDate "2023.04.12"]
[EventType "swiss"]
[EventRounds "7"]
[EventCountry "AUS"]
[TimeControl "3600+30"]

1. e4 c6 2. d4 d5 3. e5 c5 4. c3 Nc6 5. Nf3 cxd4 6. cxd4 Bg4 7. Qb3 Bxf3 8.
Qxb7 Qc8 9. Ba6 Bg4 10. Qb5 Qd7 11. Nc3 Nxd4 12. Qc5 Nc6 13. h3 e6 14. Qb5 Rb8
15. Qa4 Rb4 16. Qc2 Bf5 17. Qd1 Bc5 18. a3 Rb6 19. Na4 Nd4 20. Nxc5 Nc2+ 21.
Qxc2 Bxc2 22. Nxd7 Kxd7 23. Be2 Ne7 24. b4 Nf5 25. g4 Ne7 26. Be3 Rb7 27. Rc1
Bg6 28. Ba6 Rbb8 29. Bxa7 Ra8 30. Bb5+ 1-0

[Event "2023 Perth Chess Club Championship"]
[Site "Woodvale, Perth WA AUS"]
[Date "2023.05.10"]
[Round "5"]
[White "Garang, Kuol Awan"]
[Black "Gibson, Jacob"]
[Result "1-0"]
[WhiteElo "1619"]
[BlackElo "1964"]
[PlyCount "74"]
[EventDate "2023.04.12"]
[EventType "swiss"]
[EventRounds "7"]
[EventCountry "AUS"]
[TimeControl "3600+30"]

1. e4 c5 2. f4 e6 3. Nf3 d5 4. e5 Nc6 5. c3 d4 6. d3 Nge7 7. Be2 h5 8. Na3 Nf5
9. Bd2 a6 10. Ng5 g6 11. Ne4 Be7 12. Rb1 O-O 13. Nc2 Rb8 14. a3 a5 15. a4 b6
16. O-O Ba6 17. c4 Bb7 18. Rf3 f6 19. exf6 Bxf6 20. Rh3 Qe8 21. Na3 e5 22. Ng3
Ng7 23. Nb5 Be7 24. f5 h4 25. f6 hxg3 26. fxg7 gxh2+ 27. Kxh2 Kxg7 28. Bh6+ Kg8
29. Bxf8 Qxf8 30. Bf3 Qf6 31. Bd5+ Kg7 32. Rf3 Qh4+ 33. Kg1 Nd8 34. Qe2 Qh5 35.
Qe4 Bc8 36. Rbf1 Bg5 37. Qxe5+ Kh6 1-0